000 00553nam a2200229Ia 4500
003 OSt
005 20221005123214.0
006 a|||||r|||| 00| 0
007 ta
008 221004b |||||||| |||| 00| 0 mal d
024 _a52849
037 _cTextual
040 _aCRL
_cCRL
_bmal
041 _2mal
_amal
082 _aMY6.252, 32K0
100 _aCorbett Au.
_9633338
245 0 _aKumaonife kaduvakal
260 _c1960
650 _aARTS
942 _hMY6.252, 32K0
_cTEXL
_2cc
999 _c1046715
_d1046715